000 00661nam a22002417a 4500
005 20170124110023.0
010 _aA-372031
020 _c00.00
035 _aA-372031
037 _bCen Lib/Ret
040 _aDPL
_bEN
082 _a510.78
_bMAR
100 _aMargolis, Art
_920141
245 _aPersonal computers /
_cby Art Margolis
260 _aNew Delhi
_bBPB Publications
270 _aB-14, Connaught place
_bNew Delhi
_e110001
300 _axi,401p.
_c21cm(Hb)
500 _aIncludes index
650 _aComputer Science
_920142
650 _a Personal Computer
_920143
700 _919918
942 _2ddc
_cEN
_h510.78
_mMAR
999 _c127322
_d127322